000 00873nam a2200241 a 4500
001 73072
003 BD-RjUL
005 20211209082339.0
008 170527s1938 enk 000 0 eng
035 _a(BD-RjUL)73290
040 _aDLC/ICU
_cICU
_dDLC
_dBD-RjUL
_beng
041 _aeng
082 0 0 _223
_a610.1
_bBUD 1938
100 1 _aBuchanan, Scott,
_d1895-1968.
_9216143
245 1 4 _aThe doctrine of signatures :
_ba defence of theory in medicine /
_cby Scott Buchanan ...
260 _aLondon :
_bK. Paul, Trench, Trubner & co., ltd.,
_c1938.
300 _axiv p., 1 l., 205 p. ;
_c22 cm.
500 _aIncludes index
650 0 _aSignatures (Medicine)
_9216145
830 _aInternational library of psychology, philosophy and scientific method
_9216146
942 _2ddc
_cBK
999 _c73072
_d73072